| 000 | 00537 a2200157 4500 | ||
|---|---|---|---|
| 999 |
_c1073 _d1073 |
||
| 020 | _a9780073531038 | ||
| 050 | _aGN25.KOT 2010 | ||
| 100 | _a Kottak, Conrad Phillip | ||
| 245 |
_aWindow on humanity : _ba concise introduction to anthropology / _cConrad Phillip Kottak |
||
| 250 | _a4th ed. | ||
| 264 |
_aNew York : _bMcGraw-Hill, _c2010. |
||
| 300 | _axxviii, 516 pages : illustrations (some color), color maps ; 24 cm | ||
| 500 | _aIncludes index and bibliography | ||
| 650 | _a Anthropology. | ||
| 942 |
_2lcc _cBK _h25 _iKOT _kGN _e4th ed |
||